LEADER 01229nam0 22003011i 450 001 UON00038170 005 20231205102133.742 010 $a08-11-21334-X 100 $a20020107d1996 |0itac50 ba 101 $aeng 102 $aUS 105 $a|||| 1|||| 200 1 $aLandscape over zero$fBei-Dao$gtranslated by David Hinton, with Yanbing Chen 210 $aNew York$cNew Directions$d1996 215 $aV, 103 p.$d20 cm 606 $aLETTERATURA CINESE$xPOESIA$xSEC. XX$3UONC000627$2FI 620 $aUS$dNew York$3UONL000050 686 $aCIN VI BA$cCina - Letteratura moderna e contemporanea - Testi$2A 700 0$aBEI Dao$3UONV024424$0695447 712 $aNew Directions Publishing Corporation$3UONV246709$4650 790 0$aPEI Tao$zBEI Dao$3UONV024425 801 $aIT$bSOL$c20250620$gRICA 899 $aSIBA - SISTEMA BIBLIOTECARIO DI ATENEO$2UONSI 912 $aUON00038170 950 $aSIBA - SISTEMA BIBLIOTECARIO DI ATENEO$dSI CIN VI BA 713 N $eSI SA 89893 7 713 N 966 $aLETTERATURA PUNJABI - POESIA E TEATRO$yLETTERATURA CINESE - POESIA - SEC. XX$3UONC006913 996 $aLandscape over zero$91738286 997 $aUNIOR